Normal view MARC view
  • Documentation

Entry Topical Term

Number of records used in: 1

001 - CONTROL NUMBER

  • control field: 104054

003 - CONTROL NUMBER IDENTIFIER

  • control field: NUST

005 - DATE AND TIME OF LATEST TRANSACTION

  • control field: 20221202182804.0

008 - FIXED-LENGTH DATA ELEMENTS

  • fixed length control field: 221202|| aca||aabn | a|a d

040 ## - CATALOGING SOURCE

  • Original cataloging agency: NUST
  • Transcribing agency: NUST

150 ## - HEADING--TOPICAL TERM

  • Topical term or geographic name entry element: Documentation

670 ## - SOURCE DATA FOUND

  • Source citation: Work cat.: (NUST)174926: Hou, H. S. 65897, Digital document processing /, c1983.
© 2023 Central Library, National University of Sciences and Technology. All Rights Reserved.